La Educación sentimental (Un gran clásico de la novela francesa que puede enseñarnos a vivir)

Kaydedildi:
Detaylı Bibliyografya
Yazar: Flaubert, Gustave
Materyal Türü: Kitap
Dil:Undetermined
Baskı/Yayın Bilgisi: Barcelona, España Editorial Bruguera 1970
Konular:
Etiketler: Etiketle
Etiket eklenmemiş, İlk siz ekleyin!

MARC

LEADER 00000nam a2200000Ia 4500
008 170316s9999 xx 000 0 und d
040 |a cru BVZT 
090 |a 840 F-5e 
100 |a Flaubert, Gustave 
245 |a La Educación sentimental (Un gran clásico de la novela francesa que puede enseñarnos a vivir) 
260 |a Barcelona, España 
260 |b Editorial Bruguera 
260 |c 1970 
300 |a 559 páginas 
650 |a LITERATURA FRANCESA 
650 |a NOVELA 
999 |c 7672  |d 7672 
942 |c 15 D  |h 840 F-5e  |2 z